A virtuális javak gazdasága. A mikrotranzakciókhoz kapcsolódó marketingstratégiák és fogyasztói magatartások elemzése.
| Szerző: | |
|---|---|
| További közreműködők: | |
| Dokumentumtípus: | Diplomadolgozat |
| Kulcsszavak: | fogyasztói magatartás gamification marketingstratégiák mikrotranzakció mobiljáték videojáték virtuális javak |
| Online Access: | http://dolgozattar.uni-bge.hu/58868 |
MARC
| LEADER | 00000nta a2200000 i 4500 | ||
|---|---|---|---|
| 001 | dolg58868 | ||
| 005 | 20251027142542.0 | ||
| 008 | 251027suuuu hu om 000 hun d | ||
| 040 | |a BGE Dolgozattár Repozitórium |b hun | ||
| 041 | |a hu | ||
| 100 | 1 | |a Varga Judit | |
| 245 | 1 | 2 | |a A virtuális javak gazdasága. A mikrotranzakciókhoz kapcsolódó marketingstratégiák és fogyasztói magatartások elemzése. |c Varga Judit |h [elektronikus dokumentum] |
| 520 | 3 | |a Dolgozatom a videójáték-ipar bevételszerzési modelljeit vizsgálja, különös tekintettel a mikrotranzakciók elterjedésére és azok gazdasági, társadalmi és pszichológiai hatásaira. A szakdolgozatom első részében áttekintem a videójátékok üzleti modelljeinek fejlődését, majd részletesen elemzem a mikrotranzakciók típusait és a hozzájuk kapcsolódó fogyasztói szokásokat. Különféle pszichológiai mechanizmusokra is figyelmet fordítok, amelyek befolyásolják a játékosok vásárlási döntéseit. Primer kutatás keretében vizsgálom azt, hogy a játékosok hogyan viszonyulnak a mikrotranzakciókhoz. A dolgozat célja az, hogy átfogó képet adjon a mikrotranzakciók iparági jelentőségéről és a digitális fogyasztói magatartásra gyakorolt hatásukról. | |
| 695 | |a fogyasztói magatartás | ||
| 695 | |a gamification | ||
| 695 | |a marketingstratégiák | ||
| 695 | |a mikrotranzakció | ||
| 695 | |a mobiljáték | ||
| 695 | |a videojáték | ||
| 695 | |a virtuális javak | ||
| 700 | 1 | |a Ódor Tamás |e ths | |
| 700 | 1 | |a Szőke Dr. Brigitta |e ths | |
| 856 | 4 | 0 | |u http://dolgozattar.uni-bge.hu/58868/1/Varga_Judit_Szakdolgozat.pdf |z Dokumentum-elérés |
| 856 | 4 | 0 | |u http://dolgozattar.uni-bge.hu/58868/2/Varga_J_%20szakd_k%C3%BCls%C5%91_%20konz_%C3%A9rt%C3%A9kel%C3%A9s_%C3%93ZT_20250519.pdf |z Dokumentum-elérés |
| 856 | 4 | 0 | |u http://dolgozattar.uni-bge.hu/58868/3/Varga%20Judit.PDF |z Dokumentum-elérés |